000 00847nam a22002777a 4500
001 BR2018001653
003 BR-BrBNA
005 20230928105325.0
007 ta
008 230509b bl.||||| |||| 00| 0 por d
040 _aBR-BrBNA
_bpor
_cBiblioteca Nacional de Agricultura
041 _a(Por)
072 _aN20
090 _ N20 BR2018001653
100 1 _aSantos, C.R.B. dos
110 1 _aUniversidade Federal de Lavras, MG (Brasil)
_0Tese (Doutorado)
245 1 _aSistema eletrônico para a predição de estabilidade estática de veiculos automotores
260 3 _aLavras, MG (Brasil):
_c2017.
300 _a155 p.
500 _aSummaries (Eng, Por); Bibliography p. 147-152; 79 illus.; 28 tables
650 _aTRATOR
650 _aPERFORMANCE
650 _aRENDIMENTO
909 _a202309
_bLucia
_c55
_dLucia Elande
942 _cBK
999 _c84657
_d84657